| 000 | 01115nam a22003977a 4500 | ||
|---|---|---|---|
| 001 | BR7802885 | ||
| 003 | BR-BrBNA | ||
| 005 | 20230928085605.0 | ||
| 007 | ta | ||
| 008 | 230509b bl.||||| |||| 00| 0 por d | ||
| 040 |
_aBR-BrBNA _bpor _cBiblioteca Nacional de Agricultura |
||
| 041 | _a(Por) | ||
| 072 |
_aE70 _b9000 _b/G514 |
||
| 090 | _ 9000 BR7802885 | ||
| 100 | 1 | _aWalder, V.M. | |
| 110 | 1 | _aComissao Estadual de Planejamento Agricola, Vitoria, ES (Brasil) | |
| 245 | 1 | _aMargens de comercializacao de produtos agricolas no mercado de Vitoria [arroz, banana, batata inglesa, feijao, laranja, milho, frango, boi, porco, ovo, Espirito Santo, Brasil] | |
| 260 | 3 |
_aVitoria, ES (Brasil): _c1977. |
|
| 300 | _a24 p. | ||
| 500 | _a13 illus. | ||
| 650 | _aARROZ | ||
| 650 | _aBANANA | ||
| 650 | _aBATATA INGLESA | ||
| 650 | _aFEIJAO | ||
| 650 | _aLARANJA | ||
| 650 | _aMILHO | ||
| 650 | _aFRANGO | ||
| 650 | _aBOVINO | ||
| 650 | _aSUINO | ||
| 650 | _aOVO | ||
| 650 | _aALIMENTO | ||
| 650 | _aPRECO | ||
| 650 | _aESPIRITO SANTO | ||
| 909 |
_a202309 _bLucia _c55 _dLucia Elande |
||
| 942 | _cBK | ||
| 999 |
_c25257 _d25257 |
||